| 000 | 00612nam a2200229Ia 4500 | ||
|---|---|---|---|
| 005 | 20260429112230.0 | ||
| 008 | 260429s9999||||xx |||||||||||||| ||und|| | ||
| 020 | _a9781266263293 | ||
| 041 | _aEnglish | ||
| 082 |
_a590 _bHIC |
||
| 100 | _aHickman, Cleveland P. | ||
| 245 | 0 |
_aIntegrated principles of zoology / _cCleveland P. Hickman |
|
| 250 | _a19th ed. | ||
| 260 |
_aNew York : _bMc Graw Hill, _c2024. |
||
| 300 | _axiii, 850 p.; pbk | ||
| 650 | _aZoology | ||
| 700 | _a Eisenhour, David J. | ||
| 700 | _a I'Anson, Helen | ||
| 700 | _a Keen, Susan L. | ||
| 700 | _a Larson, Allan | ||
| 942 | _cTB | ||
| 999 |
_c53028 _d53028 |
||